[Event "GER-ch U25-C"]
[Site "Willingen"]
[Date "2023.06.02"]
[Round "8"]
[White "Finck, Julius"]
[Black "Hendler, Maximilian"]
[Result "1-0"]
[WhiteElo "1071"]
[BlackElo "971"]
[PlyCount "43"]
[EventDate "2023.05.27"]
[EventType "swiss"]
[EventRounds "9"]
[EventCountry "GER"]
[SourceTitle "CBM 214 Extra"]
[Source "ChessBase"]
[SourceDate "2023.07.31"]
[SourceVersion "1"]
[SourceVersionDate "2023.07.31"]
[SourceQuality "1"]

1. e4 c5 2. d4 cxd4 3. c3 dxc3 4. Nxc3 Nc6 5. Nf3 d6 6. Bc4 a6 7. 0-0 Nf6 8. Qe2 Bg4 9. Rd1 Bxf3 10. gxf3 g6 11. Bf4 Nh5 12. Be3 e6 13. f4 Qc7 14. Rac1 Bg7 15. f5 exf5 16. exf5 0-0 17. fxg6 hxg6 18. Nd5 Qd8 19. Qd2 Ne5 20. Be2 Rc8 21. Rxc8 Qxc8 22. Ne7+ 1-0

[Event "GER-ch U25-C"]
[Site "Willingen"]
[Date "2023.05.29"]
[Round "3"]
[White "Finck, Julius"]
[Black "Schwedhelm, Dennis"]
[Result "0-1"]
[WhiteElo "1071"]
[BlackElo "1373"]
[PlyCount "48"]
[EventDate "2023.05.27"]
[EventType "swiss"]
[EventRounds "9"]
[EventCountry "GER"]
[SourceTitle "CBM 214 Extra"]
[Source "ChessBase"]
[SourceDate "2023.07.31"]
[SourceVersion "1"]
[SourceVersionDate "2023.07.31"]
[SourceQuality "1"]

1. d4 d6 2. Bf4 g6 3. e3 Bg7 4. c3 f5 5. Nd2 Nd7 6. Ngf3 Ngf6 7. h3 c6 8. Be2 b5 9. 0-0 Nb6 10. Qb3 a5 11. a3 a4 12. Qa2 h6 13. Bd3 Nfd7 14. g4 Nf8 15. Qb1 Qd7 16. Nh2 e5 17. Bg3 e4 18. Be2 Qf7 19. Qd1 Qf6 20. gxf5 Bxf5 21. Ng4 Qe6 22. f4 h5 23. Nf2 Nd5 24. Kh2 Nxe3 0-1